000
00203 a2200097 4500
001
90222
090
_c
42553
_d
42553
100
_a
Kenneth Lowther
245
_a
Early Man
260
_a
Karachi
_b
Markaz-e-Ulum Islamia
942
_a
NUST-CAE
999
_c
325295
_d
325295